| 000 -ლიდერი |
| ფიქსირებული სიგრძის საკონტროლო ველი |
01002nam a22001937a 4500 |
| 003 - საკონტროლო ნომრის იდენტიფიკატორი |
| საკონტროლო ველი |
Ge_BSU |
| 005 - ბოლო ოპერაციის თარიღი და დრო |
| საკონტროლო ველი |
20221017143541.0 |
| 008 - ფიქსირებული სიგრძის მონაცემთა ელემენტები - ზოგადი ინფორმაცია |
| ფიქსირებული სიგრძის საკონტროლო ველი |
221017s1964 ge ||||| |||| 00| 0 geo d |
| 041 ## - ენის კოდი |
| Language code of text/sound track or separate title |
geo |
| 080 ## - უნივერსალური ათობითი კლასიფიკაციის ინდექსი |
| Universal Decimal Classification number |
159.9 უ-28 |
| 100 ## - მთავარი ჩანაწერი - პიროვნების სახელი |
| Personal name |
უზნაძე, დიმიტრი |
| 9 (RLIN) |
746 |
| 245 ## - ცნობა სათაურის შესახებ |
| Title |
შრომები. ტ. 3-4, ზოგადი ფსიქოლოგია / |
| Statement of responsibility, etc |
დ. უზნაძე ; საქ. სსრ მეცნ. აკად., დ. უზნაძის სახ. ფსიქოლოგიის ინ-ტი. |
| 264 ## - წარმოების, გამოცემის, დისტრიბუციის და სხვა ცნობები |
| გამოცემის, წარმოების, დისტრიბუციის... ადგილი |
თბილისი : |
| გამოცემის, წარმოების, დისტრიბუციის... სახელწოდება |
საქ. სსრ მეცნ. აკად. გამ-ბა, |
| გამოცემის, წარმოების, დისტრიბუციის... თარიღი |
1964. |
| 300 ## - ფიზიკური აღწერა |
| Extent |
636 გვ.; |
| Other physical details |
22 სმ. |
| 504 ## - BIBLIOGRAPHY, ETC. NOTE |
| Bibliography, etc |
ბიბლიოგრ.: გვ. 621-626. |
| 653 ## - INDEX TERM--UNCONTROLLED |
| Uncontrolled term |
ზოგადი ფსიქოლოგია |
| 710 ## - ADDED ENTRY--CORPORATE NAME |
| Corporate name or jurisdiction name as entry element |
საქ. სსრ მეცნ. აკად., დ. უზნაძის სახ. ფსიქოლოგიის ინ-ტი. |
| 9 (RLIN) |
15341 |
| 942 ## - ADDED ENTRY ELEMENTS (KOHA) |
| Source of classification or shelving scheme |
|
| Koha item type |
წიგნი |